000 00571nam a2200241Ia 4500
999 _c60858
_d60858
003 0100
005 20170428113518.0
008 130303s9999 xx 000 0 und d
020 _a282541154X
040 _cARRUPELIB
050 _aDT450.435M38 2004
100 _aMcCullum, Hugh
_93488
245 4 _aThe angels have left us
245 _bthe rwanda tragedy and the churchs
250 _a2nd. ed.
260 _bWCC
_aGeneva
_c2004
300 _axxvi
300 _b 132p. 21cm.
440 _aRisk Book Series
_930164
650 _bChurch works with refugees
_zRwanda
_930165
650 _bRwanda
_xHistory
_xCivil war
_y1994
_930166
650 _bGenocide
_xHistory
_y20th century
_zRwanda
_930128
942 _2lcc
_01
_cMONOGRAPH